Country Word Puzzles - Statistics

General Stats
  • This quiz has been taken 152 times
  • The average score is 10 of 15
Answer Stats
Hint Answer % Correct
Dislike + E Haiti
91%
Clock Tower, Big __ + Opposite of Out Benin
90%
Sheep Sound + Precipitation Bahrain
86%
Opposite of South + Company Abbr. + Actress Pearlman North Korea
85%
On top of a Shark + Terra Firma Finland
80%
Pirate Sound + Generations Abbr. + Actress Fey Argentina
78%
Mens' Neckware + Terra Firma Thailand
77%
Bacteria + A Lot Germany
74%
Ghost Sound + Shade of Brown Bhutan
71%
Mrs. Frank + Entryway + Egyptian Sun God Andorra
58%
Vision Circle + Fast Walk (Past Tense) Iran
49%
Hawaiian Necklace + Very + Foot Digit Lesotho
49%
Went Away + A Ghana
42%
Cooking Oil Greece
35%
Tax + G Fiji
26%
No matching quizzes found
Score Distribution
Percent of People with Each Score
Percentile by Number Answered
Your Score History
You have not taken this quiz